Sports Quiz

Random Sports or World Quiz
Score 0/39 Timer 10:00
0 Plays Today
Year Answer % Correct
2014Simone Biles
97.7%
2015Simone Biles
97.7%
2013Simone Biles
97.3%
2007Shawn Johnson
96.2%
2009Elizabeth Tweddle
91%
2010Lauren Mitchell
79.5%
2006Cheng Fei
79.5%
2001Andreea Raducan
79.5%
1999Andreea Raducan
79.5%
1993Shannon Miller
79.5%
1989=Daniela Silivas
75.6%
1987=Daniela Silivas
75.6%
2011Ksenia Afanasyeva
71.8%
2005Alicia Sacramone
71.8%
1997Gina Gogean
71.8%
1996=Gina Gogean
71.8%
1995Gina Gogean
71.8%
1992Kim Zmeskal
70.5%
2003Daiane Dos Santos
69.2%
1989=Svetlana Boginskaya
67.9%
Year Answer % Correct
1978=Nellie Kim
67.9%
1987=Yelena Shushunova
66.7%
1962Larisa Latynina
66.7%
1985Oksana Omelianchik
59%
1983Ecaterina Szabo
57.7%
1974Ludmilla Tourischeva
57.7%
1970Ludmilla Tourischeva
57.7%
1991=Cristina Bontas
53.8%
1991=Oksana Chusovitina
51.3%
1978=Elena Mukhina
50%
2002Elena Gomez
47.4%
1994Dina Kochetkova
43.6%
1979Emilia Eberle
43.6%
1966Natalia Kutchinskaya
38.5%
1981Natalia Ilienko
32.1%
1996=Kui Yuan-Yuan
30.8%
1958 Eva Bosakova
25.6%
1954Tamara Manina
20.5%
1950Helena Rakoczy
19.2%
Remove Ads.
Support Sporcle.
Get the best of Sporcle when you Go Orange. This ad-free experience offers more features, more stats, and more fun while also helping to support Sporcle. Thank you for becoming a member.

You're not logged in!

Compare scores with friends on all Sporcle quizzes.
OR
Log In

Show Comments

Extras

Top Quizzes Today


Score Distribution

Your Account Isn't Verified!

In order to create a playlist on Sporcle, you need to verify the email address you used during registration. Go to your Sporcle Settings to finish the process.

Report this User

Report this user for behavior that violates our Community Guidelines.

Details: